| 000 | 00657nam a2200193 i 4500 | ||
|---|---|---|---|
| 001 | 188215 | ||
| 003 | SpMaBN | ||
| 005 | 20250820152144.0 | ||
| 008 | 180622s1925 sp |||| | spa d | ||
| 100 | 1 |
_aHenry, O. _962602 |
|
| 245 | 1 | 0 |
_aDetectives y ladrones / _cO'Henry [seud.] ; versión española de J. García Mercadal. |
| 260 |
_aMadrid : _bCalpe, _c[1925] |
||
| 300 |
_a257 p. ; _c19 cm. |
||
| 490 | 1 | _aColección babel | |
| 700 | 1 |
_aGarcía Mercadal, J., _d1883-1975 _9164264 |
|
| 830 | 0 |
_aColección babel _9225657 |
|
| 852 |
_aES-MaACL _jL-32074 _z. - Donat. herederos de la bibl. de Mª del Pilar Costa Palacín |
||
| 999 |
_c188215 _d188215 |
||